F1 Drivers Ranked By Most Wins - Statistics

General Stats
  • This quiz has been taken 93 times
  • The average score is 52 of 112
Answer Stats
Driver Wins % Correct
2 Michael Schumacher GER 91
100%
1 Lewis Hamilton 44 GBR 103*
99%
8 Max Verstappen 33 NLD 29*
98%
48 Ralf Schumacher GER 6
98%
3 Sebastian Vettel 5 GER 53*
98%
5 Ayrton Senna BRA 41
96%
6 Fernando Alonso 14 ESP 32*
95%
4 Alain Prost FRA 51
91%
39 Daniel Ricciardo 3 AUS 8*
89%
16 Kimi Raikkonen 7 FIN 21
88%
66 Sergio Perez 11 MEX 3*
86%
11 Niki Lauda AUT 25
85%
54 Charles Leclerc 16 MON 5*
83%
112 Carlos Sainz 55 ESP 1*
81%
19 Jenson Button 22 GBR 15
80%
17 Mika Hakkinen FIN 20
80%
35 Valterri Bottas 77 FIN 10*
80%
12 Juan Manuel Fangio ARG 24
79%
53 Keke Rosberg FIN 5
79%
14 Nico Rosberg 6 GER 23
79%
111 Esteban Ocon 31 FRA 1*
78%
100 Jochen Mass GER 1
76%
7 NIgel Mansell GBR 31
76%
110 Pierre Gasly 10 FRA 1*
75%
36 Mark Webber AUS 9
71%
13 Nelson Piquet BRA 23
71%
15 Damon Hill GBR 22
69%
29 Felipe Massa 19 BRA 11
69%
20 Graham Hill GBR 14
69%
60 Phil Hill USA 3
69%
107 Robert Kubica 88 POL 1
69%
30 Rubens Barrichello BRA 11
69%
45 Gilles Villeneuve CAN 6
68%
9 Jackie Stewart GBR 27
68%
28 Jacques Villeneuve CAN 11
68%
21 Jack Brabham AUS 14
66%
31 James Hunt GBR 10
66%
10 Jim Clark GBR 25
63%
25 Mario Andretti USA 12
63%
23 Alberto Ascari ITA 13
61%
41 Juan Pablo Montoya COL 7
59%
22 Emerson Fittipaldi BRA 14
56%
33 Jody Scheckter ZAF 10
56%
49 Giuseppe Farina ITA 5
55%
109 Pastor Maldonado VEN 1
54%
24 David Coulthard GBR 13
53%
27 Alan Jones AUS 12
51%
18 Stirling Moss GBR 16
51%
44 Jochen Rindt AUT 6
50%
37 Jacky Ickx BEL 8
49%
38 Denny Hulme NZL 8
46%
58 Mike Hawthorn GBR 3
46%
34 Gerhard Berger AUT 10
45%
43 John Surtees GBR 6
45%
56 Bruce Mclaren NZL 4
44%
65 Giancarlo Fisichella ITA 3
43%
106 Jarno Trulli ITA 1
43%
108 Heikki Kovalainen FIN 1
41%
104 Jean Alesi FRA 1
41%
40 Rene Arnoux FRA 7
40%
47 Riccardo Patrese ITA 6
40%
26 Carlos Reutemann ARG 12
39%
57 Eddie Irvine GBR 4
39%
50 Clay Regazzoni SWI 5
38%
32 Ronnie Peterson SWE 10
38%
63 Heinz Harald Frentzen GER 3
35%
105 Olivier Panis FRA 1
33%
46 Jacques Laffite FRA 6
31%
68 Jose Froilan Gonzalez ARG 2
31%
52 Michele Alboreto ITA 5
31%
71 Pedro Rodriguez MEX 2
31%
64 Johnny Herbert GBR 3
29%
62 Thierry Boutsen BEL 3
28%
70 Wolfgang Von Trips GER 2
26%
61 Didier Pironi FRA 3
25%
42 Tony Brooks GBR 6
25%
77 Elio De Angelis ITA 2
24%
75 Jean Pierre Jabouille FRA 2
23%
51 John Watson GBR 5
23%
76 Patrick Tambay FRA 2
23%
99 Carlos Pace BRA 1
21%
55 Dan Gurney USA 4
21%
97 Francois Cevert FRA 1
21%
80 Luigi Fagioli ITA 1
21%
59 Peter Collins GBR 3
21%
103 Alessandro Nannini ITA 1
20%
72 Jo Siffert SWI 2
20%
69 Maurice Trintignant FRA 2
20%
84 Luigi Musso ITA 1
19%
94 Richie Ginther USA 1
19%
67 Bill Vukovich USA 2
18%
93 Lorenzo Bandini ITA 1
18%
74 Patrick Depailler FRA 2
18%
102 Gunnar Nilsson SWE 1
16%
89 Jo Bonnier SWE 1
15%
101 Vittorio Brambilla ITA 1
15%
95 Ludovico Scarfiotti ITA 1
14%
88 Rodger Ward USA 1
14%
91 Giancarlo Baghetti ITA 1
13%
98 Jean Pierre Beltoise FRA 1
13%
73 Peter Revson USA 2
13%
86 Sam Hanks USA 1
13%
92 Innes Ireland GBR 1
11%
78 Johnnie Parsons USA 1
11%
90 Jim Rathmann USA 1
10%
79 Lee Wallard USA 1
10%
96 Peter Gethin GBR 1
10%
87 Jimmy Bryan USA 1
9%
83 Bob Sweikert USA 1
8%
85 Pat Flaherty USA 1
8%
82 Troy Ruttman USA 1
8%
81 Piero Taruffl ITA 1
1%
No matching quizzes found
Score Distribution
Percent of People with Each Score
Percentile by Number Answered
Your Score History
You have not taken this quiz